|
|
|
|
| LEADER |
01542nam a2200409 4500 |
| 001 |
ocn823738967 |
| 003 |
OCoLC |
| 005 |
20180501122006.0 |
| 006 |
m o d |
| 007 |
cr cn||||||||| |
| 008 |
121206s2012 ne af ob 001 0 eng d |
| 040 |
|
|
|a E7B
|b eng
|e pn
|c E7B
|d OCLCQ
|d OCLCO
|d YDXCP
|d N$T
|d OPELS
|d OCLCF
|d OCLCQ
|d OCLCA
|d GrThAP
|
| 020 |
|
|
|a 9780124055490
|q (electronic bk.)
|
| 020 |
|
|
|a 0124055494
|q (electronic bk.)
|
| 020 |
|
|
|a 9780124059146
|
| 035 |
|
|
|a (OCoLC)823738967
|
| 050 |
|
4 |
|a QH585.2
|b .C66 2012eb
|
| 072 |
|
7 |
|a SCI
|x 017000
|2 bisacsh
|
| 082 |
0 |
4 |
|a 571.6/38
|2 23
|
| 049 |
|
|
|a TEFA
|
| 245 |
0 |
0 |
|a Laboratory methods in cell biology :
|b biochemistry and cell culture /
|c edited by P. Michael Conn.
|
| 250 |
|
|
|a 1st ed.
|
| 260 |
|
|
|a Amsterdam ;
|a Boston :
|b Elsevier/Academic Press,
|c 2012.
|
| 300 |
|
|
|a 1 online resource (xix, 474 pages, [10] pages of plates) :
|b illustrations.
|
| 336 |
|
|
|a text
|b txt
|2 rdacontent
|
| 337 |
|
|
|a computer
|b c
|2 rdamedia
|
| 338 |
|
|
|a online resource
|b cr
|2 rdacarrier
|
| 490 |
0 |
|
|a Methods in cell biology ;
|v v. 112
|
| 504 |
|
|
|a Includes bibliographical references and index.
|
| 650 |
|
0 |
|a Cell culture.
|
| 650 |
|
0 |
|a Cytology
|x Technique.
|
| 650 |
|
7 |
|a SCIENCE
|x Life Sciences
|x Cell Biology.
|2 bisacsh
|
| 650 |
|
7 |
|a Cell culture.
|2 fast
|0 (OCoLC)fst00850172
|
| 650 |
|
7 |
|a Cytology
|x Technique.
|2 fast
|0 (OCoLC)fst00886306
|
| 655 |
|
4 |
|a Electronic books.
|
| 700 |
1 |
|
|a Conn, P. Michael.
|
| 856 |
4 |
0 |
|u https://www.sciencedirect.com/science/bookseries/0091679X/112
|z Full Text via HEAL-Link
|